Leading Countries by Instagram Audience - Statistics

General Stats
  • This quiz has been taken 34 times
  • The average score is 16 of 20
Answer Stats
Instagram Users Country % Correct
23.75 Million France
100%
27.45 Million Germany
100%
143.35 Million United States
100%
113.5 Million Brazil
97%
229.55 Million India
93%
36.7 Million Mexico
93%
21.9 Million Spain
93%
28.75 Million United Kingdom
93%
26.2 Million Italy
90%
23.4 Million Argentina
86%
15.9 Million Canada
86%
15.35 Million Egypt
83%
89.15 Million Indonesia
83%
19.25 Million South Korea
79%
45.7 Million Japan
76%
48.65 Million Turkey
72%
17.75 Million Colombia
66%
17.55 Million Philippines
59%
17.35 Million Thailand
59%
14 Million Iraq
17%
No matching quizzes found
Score Distribution
Percent of People with Each Score
Percentile by Number Answered
Your Score History
You have not taken this quiz